00243nam a2200097Ia 4500008004100000041001200041100001500053245006500068260000600133650000600139221030s9999 xx 000 0 und d aEnglish aS. Y. Liao 0aMicrowave Devices & Circuits ( DEPARTMENTAL )cby S. Y. Liao c0 aB